[Event "ISR-Kasparov handicap"]
[Site "Tel Aviv"]
[Date "1998.05.19"]
[Round "1.2"]
[White "Sutovsky, Emil"]
[Black "Kasparov, Garry"]
[Result "0-1"]
[WhiteElo "2590"]
[BlackElo "2820"]
[Annotator "Har Zvi,R"]
[PlyCount "106"]
[EventDate "1998.05.19"]
[EventType "simul"]
[EventRounds "2"]
[EventCountry "ISR"]
[SourceTitle "CBM 065"]
[Source "ChessBase"]
[SourceDate "1998.08.06"]
[SourceVersion "1"]
[SourceVersionDate "1998.08.06"]
[SourceQuality "1"]

1. e4 {Sutovskij} c5 2. Nf3 d6 3. d4 cxd4 4. Nxd4 Nf6 5. Nc3 a6 6. Be2 e6 7. f4
Be7 8. O-O O-O 9. a4 Nc6 10. Be3 Qc7 11. Kh1 Re8 12. Bf3 Bf8 {Lukacs: Kasparov
wants to play a sideline, where the standard attacking plan g4-g5 is not so
effective.} (12... Na5 13. Qe1 Nc4 14. Bc1 e5 15. Nde2 d5 $5 16. exd5 (16. Nxd5
Nxd5 17. exd5 Bf6 18. Ng3 g6 19. Ne4 Bg7 20. fxe5 Nxe5 21. Bg5 Bf5 22. Qg3 $16
{1-0 Makropoulou,M-Ashlanian,L/Manila olw 1992/TD 92\07 (37)}) 16... Bd6 17.
fxe5 $8 Bxe5 18. Qh4 Bf5 19. Nd4 $1 Bg6 20. Nce2 $2 Nb6 $1 $15 {(I.Stohl) 1/
2-1/2 Dolmatov,S-Stohl,I/Manila izt 1990/CBM 19/[Stohl] (61)}) ({Lukacs: In
comparision to} 12... Rb8 13. g4 Nxd4 14. Bxd4 e5 15. fxe5 dxe5 16. Ba7 Ra8 17.
g5) 13. Qd2 (13. Bf2 Nxd4 (13... Bd7 14. Nb3 b6 15. Bh4) 14. Qxd4 e5 15. Qd2
exf4 (15... Be6 16. f5 Bc4 17. Rfd1 {Lukacs: and the B has problems on c4.})
16. Bd4 Be7 17. Qxf4 Be6 18. Qg3 Rad8 19. Be2 Kh8 20. Bd3 Qa5 21. Nd5 Bxd5 22.
Bc3 Qxc3 (22... Qc5 23. exd5 $16) 23. bxc3 Bxe4 24. Bxe4 Nxe4 25. Qd3 Bf6 26.
Rf4 Nc5 $44 {1/2-1/2 Kaiumov,D-Magerramov,E/URS-ch otbor 1979/MCD-ch (41)}) (
13. g4 Nxd4 14. Bxd4 e5 {cannot be answered with a win of a tempo.} 15. Bg1
exf4 16. g5 Nd7 17. Nd5 Qd8 18. Bg2 Re5 19. Rxf4 Rxg5 20. Qd2 Ne5 21. Bb6 Qd7
22. Raf1 h6 23. a5 Qc6 24. Qf2 Ng4 25. Qd2 Ne5 26. Qf2 Ng4 {1/2-1/2 Geller,
E-Sokolov,A/Sochi 1983/MCL 05}) 13... Na5 {/\ Nc4} (13... Nxd4 14. Bxd4 (14.
Qxd4 e5 15. Qd2 exf4 16. Bxf4 Be6 17. Rfd1) 14... e5 15. Bg1 Be6 16. a5 exf4
17. Qxf4 Nd7 18. Nd5 (18. Bd4 Ne5 $11) 18... Bxd5 19. exd5 Ne5 20. c3 g6 21.
Bb6 Qd7 22. Bd1 Qe7 23. Bc2 Bg7 $132 {0-1 Large,P-Suba,M/Oviedo rapid45 1992/
TD 92\09 (41)}) 14. Qf2 (14. g4 $6 Nc4 15. Qc1 Nxe3 16. Qxe3 e5 17. Nf5 Bxf5 (
17... d5 $5) 18. exf5 h6 19. h3 e4 20. Bg2 d5 $132 {0-1 Sakotic,J-Koskoska,G/
Dorjan-W 1996/EXT 97 (31)}) (14. b3 $2 d5 $1 15. e5 Bb4 $19) 14... Nc4 15. Bc1
e5 16. Nde2 {Lukacs: White's well-developed pieces are pushed back.} d5 $1 {
Lukacs: This is the typical central blow in the Scheweningen. a standard break
in the center for the Sicilian opening,black free himself with no problems at
all} 17. fxe5 (17. exd5 $2 e4 $19) (17. Nxd5 $2 Nxd5 18. exd5 e4 19. Bh5 g6 $19
) 17... Nxe5 18. Bf4 (18. exd5 Nxf3 19. Qxf3 (19. gxf3 Bh3 20. Rg1 Bc5 21. Nd4
Qe5 $19) 19... Bg4 20. Qg3 (20. Qf2 Bxe2 21. Nxe2 Ng4 $19) 20... Qxg3 (20...
Rac8 $5 $44) 21. Nxg3 Bb4 22. h3 Bd7 23. Nge2 Rac8 $44) (18. Nxd5 Nxd5 19. exd5
Qxc2 $36) 18... dxe4 19. Nxe4 Nd5 (19... Qxc2 $5 {of course in a simul game
you do not expect anyone not even Kasparov to play this move,but infact it
might not such a bad move since white has no immediate threats} 20. Nxf6+ gxf6
21. Bxe5 Rxe5 (21... fxe5 22. Bh5) 22. Qh4 Rxe2 23. Rac1 Qxb2 24. Rxc8 Re8 25.
Rc7 $11) 20. Bg3 (20. Ng5 Nxf4 21. Nxf4 Qe7 $15) 20... Qe7 $6 {this is one of
Kasparov's [ which made very few mistakes!! in all the match ] mistakes,no
body likes to have such a pin on your knight,so you want to move your Queen
but "e7" is not the best place again taking the pawn on "c2" was the right
move.aftervKasparov's mistake white had a fantastic chance [ which he missed ]
the take the advantage} (20... Qxc2 $142 21. Bh5 g6 22. Bxe5 Bf5 23. Nf6+ Nxf6
24. Bxf6 gxh5 25. Qxf5 Rxe2 26. Qxh5 Rae8 $11) 21. Rad1 $2 (21. N2c3 $1 Nxc3 (
21... Nxf3 22. Nxd5 Qxe4 23. Nc7 $16) 22. Nxc3 Nxf3 {what else?} 23. Nd5 $1 {
this is a very strong move which white has missed,I wonder what would happen
after this since indeed Kasparov is ...Kasparov but the position is .....very
bad!!} Qe2 24. Nc7 Qxf2 25. Rxf2 Nxh2 26. Nxe8 Ng4 27. Nc7 $1 Ra7 (27... Nxf2+
28. Bxf2 Rb8 29. Ba7) 28. Re2 $16) 21... Nxf3 22. gxf3 {Lukacs: White's >> is
weakened, and Black has the ^^ in an open position.} (22. Qxf3 $2 Bg4 $1 23.
Qxg4 Ne3 24. Qf3 (24. Nf6+ Qxf6 25. Rxf6 Nxg4 26. Rf4 Rxe2 27. Rxg4 Rxc2 $17)
24... Nxd1 $17) 22... Nf6 23. N2c3 (23. Bh4 $2 Nxe4 24. Bxe7 Nxf2+ 25. Rxf2
Bxe7 $19) 23... Nxe4 24. fxe4 $13 {after all the tactics and mistakes from
both sides,we have reached this position which ofcourse is not simple [ almost
all the positions in the Sicilian are never simple ].and now to our position
black has many advantage's pair of bishops no weaknesses,and white has weak
king and weak "e4" pawn.but on the other hand white has big devlopement
adavntage and active pieces,with 2 open files,the position is unclear with
equal chances} (24. Nxe4 $142 $5 Qb4 $1 (24... Bh3 25. Rg1) 25. b3 Rxe4 26.
fxe4 Qxe4+ 27. Qg2 Bf5 $44) 24... Bh3 {Lukacs: The white K is not in safety at
all.} 25. Rfe1 Rac8 26. Bd6 (26. Nd5 Qc5 $15) 26... Qe6 27. Bxf8 Rxf8 28. Rd3 {
Lukacs: White's P structure is rather corrupted.} (28. Nd5 Bg4 29. Rd3 Rc4 $1)
28... Qh6 29. Nd5 Kh8 30. Rg3 Be6 31. Reg1 Qh4 {[%csl Rc2,Re4]} 32. Qd4 f6 {
another critical [ ot maybe "the" critical ] poisition in the game.white's
initiative is gone and black will manage to defend his "g7" pawn let's say
with Rf7,and after attack the "e4" with all he can white stands bad,that's why
it was necessary for white to act immediately 33.Rxg7 seems as the move with
equal after it} 33. c4 $2 $17 (33. Rxg7 $142 Rxc2 (33... Bf5 $5 $15) 34. R7g2
Rxg2 35. Rxg2 Bxd5 36. Qxd5 $11 {and the game would have probably ended with a
draw}) 33... Rf7 {now we see great demonstration of Kasparov's play,he just
has the initiative and "you are dead" no chances at all} (33... Bf5 $5) 34. Nb6
$2 {Lukacs: The N has to keep his strong post in the centre. why to move the
knight? now black manages to double his rooks on the "e" file [e8-e7]} (34. Rd1
$5 Re8 35. Re3) 34... Re8 35. Rd1 h6 $1 {giving "air" to the king} 36. Re3 Rfe7
37. e5 (37. Rde1 Bf5 $19) 37... Bg4 $1 $19 (37... Qxd4 38. Rxd4 Bf5 (38... Bg8
$19) 39. Rd5 {gives white some chances thanks to his pawns majority on the
Queen's side}) 38. Rg3 f5 39. Nd5 (39. Re3 Qf2) 39... Rxe5 40. Nf4 Qf6 41. Rf1
{[#]} {[%tqu "En","please try and find Kasparov's next move,I will tell and
please believe me that Kasparov thought no more than 4 minutes on his next
move!!! I give 4 times more!!","","","e5e1","",10]} Re1 $3 {Lukacs: Now Black
has a mating -> after a nice Q sacrifice.} 42. Qxf6 Rxf1+ 43. Kg2 Rxf4 44. Qc3
(44. Qf7 Re2+ 45. Kg1 Rd4 $19) (44. Qb6 Re2+ 45. Kg1 Rxc4 46. Rc3 Rxa4 $19)
44... Re2+ 45. Kg1 Rfe4 {[%cal Ge2e1,Ye4e2]} 46. h3 (46. Kf1 Rxh2 {[%cal Ge4e2]
}) 46... Re1+ 47. Kh2 R4e2+ 48. Rg2 Re3 49. Qxe1 Rxe1 50. hxg4 fxg4 {Lukacs:
Transposing to a R _|_ is no medicine for White either.} 51. a5 h5 52. Kg3 g5
53. Rh2 Re3+ 0-1

[Event "ISR-Kasparov handicap"]
[Site "Tel Aviv"]
[Date "1998.05.19"]
[Round "1.4"]
[White "Huzman, Alexander"]
[Black "Kasparov, Garry"]
[Result "0-1"]
[WhiteElo "2610"]
[BlackElo "2825"]
[PlyCount "84"]
[EventDate "1998.05.19"]
[EventType "simul"]
[EventRounds "2"]
[EventCountry "ISR"]
[SourceTitle "CBM 065"]
[Source "ChessBase"]
[SourceDate "1998.08.06"]
[SourceVersion "1"]
[SourceVersionDate "1998.08.06"]
[SourceQuality "1"]

1. d4 Nf6 2. c4 e6 3. Nf3 b6 4. g3 Ba6 5. b3 d5 6. Bg2 dxc4 7. Ne5 Bb4+ 8. Kf1
Bd6 9. Nxc4 Nd5 10. e4 Ne7 11. Bb2 Nbc6 12. Nbd2 e5 13. d5 Nd4 14. Nf3 c5 15.
Kg1 Bxc4 16. bxc4 O-O 17. h4 Nc8 18. Bh3 Re8 19. Kg2 Bf8 20. Rc1 Nd6 21. Re1
Rb8 22. a4 g6 23. Nxd4 cxd4 24. f4 Bg7 25. fxe5 Bxe5 26. Bxd4 Rb7 27. Bf2 Rc7
28. Qd3 Nb7 29. Qa3 Bd6 30. Qb2 Rce7 31. a5 Nc5 32. Rcd1 Rxe4 33. Rxe4 Nxe4 34.
axb6 Nxf2 35. Qxf2 axb6 36. Re1 Rxe1 37. Qxe1 Qc7 38. Qe3 h5 39. Qd3 Qe7 40.
Kh1 Qe5 41. Kh2 Qf6 42. Kg2 Qb2+ 0-1

[Event "ISR-Kasparov handicap"]
[Site "Tel Aviv"]
[Date "1998.05.21"]
[Round "2.3"]
[White "Smirin, Ilia"]
[Black "Kasparov, Garry"]
[Result "0-1"]
[WhiteElo "2590"]
[BlackElo "2825"]
[Annotator "Huebner,R"]
[PlyCount "108"]
[EventDate "1998.05.19"]
[EventType "simul"]
[EventRounds "2"]
[EventCountry "ISR"]
[SourceTitle "CBM 065"]
[Source "ChessBase"]
[SourceDate "1998.08.06"]
[SourceVersion "1"]
[SourceVersionDate "1998.08.06"]
[SourceQuality "1"]

1. d4 d5 2. c4 c6 3. Nf3 Nf6 4. e3 Bf5 5. Nc3 e6 6. Nh4 Bg4 7. Qb3 Qb6 8. h3
Bh5 9. Bd2 Nbd7 (9... Be7 10. g4 Bg6 11. Nxg6 hxg6 12. Bg2 Nbd7 13. g5 Ng8 14.
h4 Rd8 15. Qa4 a6 16. c5 Qc7 17. e4 dxe4 18. Nxe4 Rb8 19. O-O-O {46/ 0-1
Khlian,E-Zakharstov,V/Azov 1995}) 10. g4 Bg6 11. g5 $6 {Weiß beginnt seine
Bauernstellung zu mißhandeln. Mir gefällt} (11. Nxg6 hxg6 12. Bg2 {besser.})
11... Ng8 12. Nxg6 hxg6 13. c5 $6 {Diese Art von Vorstoß ist im allgemeinen
nur ratsam, wenn die Bauernkette am Damenflügel intakt gehalten werden, der
Punkt c5 verteidigt werden kann. Hier ist das nicht der Fall.} Qc7 14. e4 $2 (
14. Qd1 {war vorzuziehen, weil} b6 {jetzt mit} 15. b4 a5 16. a3 {pariert
werden kann. Nach}) (14. Qd1 e5 {hat Schwarz eine gute Stellung, aber Weiß
braucht nicht zu verzweifeln.}) 14... Ne7 15. exd5 exd5 16. Bd3 Rh4 17. Ne2 b6
18. cxb6 axb6 19. O-O-O b5 20. Kb1 Nb6 21. f4 Nc4 22. Be1 Rh8 23. Bb4 Nf5 24.
Rhe1 Bxb4 25. Qxb4 Qd6 {Bei der unsicheren Stellung des Königs von Weiß
scheint Damentausch wünschenswert, aber danach hat Weiß mit den
Bauernschwächen auf h3 und f4 eine beinahe hoffnungslose Stellung.} 26. Qc3 Kf8
27. Bxf5 gxf5 28. Nc1 g6 29. b3 b4 30. Qf3 Na3+ 31. Kb2 c5 32. Re5 (32. dxc5
Qxc5 33. Re2 Rc8 34. Qe3 {mußte versucht werden.}) 32... c4 $19 33. Ka1 c3 34.
Rxd5 (34. Qxd5 {scheitert an} Qxd5 35. Rxd5 Nc2+ 36. Kb1 Ne3) 34... Nc2+ 35.
Kb1 Na3+ 36. Ka1 Qa6 37. Rd7 Nc2+ 38. Kb1 Na3+ 39. Ka1 Ra7 40. Rd8+ (40. Rxa7
Qxa7 41. d5 Nc2+ 42. Kb1 Ne3 {ist tödlich für Weiß; der Turm darf die d-Linie
wegen der Möglichkeit 43...c2+ nebst 44...dd4+ nicht verlassen.} 43. Rd3 Qa3
44. Qe2 c2+ {ist freudlos für Weiß.}) 40... Kg7 41. Rxh8 Nc2+ 42. Kb1 Na3+ 43.
Ka1 Kxh8 44. d5 Nc2+ 45. Kb1 Na3+ 46. Ka1 Re7 47. Qd3 {Der Vorstoß des
d-Bauern hilft dem Weißen nicht:} (47. d6 Nc2+ 48. Kb1 Qa3 49. Kxc2 Qb2+ 50.
Kd3 c2 $19 51. dxe7 Qc3+ 52. Ke2) 47... Qd6 48. Qd4+ (48. Rf1 Re3 49. Qd1 Kg8 {
Weiß ist rettungslos paralysiert.}) 48... Kg8 49. Qf6 (49. Qf2 Re4 {ergibt
eine hoffnungslose Stellung für Weiß, zum Beispiel:} 50. Ne2 (50. Rf1 Qxd5 {
mit der Drohung 51...Dd2 ist ebenfalls fatal für Weiß.}) (50. Qh2 Qf8 51. Nd3
Rd4 {desgleichen.}) 50... Qf8 {und es gibt keine ausreichende Abwehr der
Drohung 51...c2 nebst 52...Dg7(+)}) 49... Nc2+ 50. Kb1 Na3+ 51. Ka1 Qc5 52. Nd3
{Es gibt keine Rettung mehr:} (52. Qa6 Qf2 53. Nd3 Qc2 54. Rc1 Qb1+ 55. Rxb1
Nc2#) 52... Qe3 53. Qa6 (53. h4 Qxd3 $19) 53... Qd4 54. Rc1 Re3 0-1

[Event "EuroTel Trophy"]
[Site "Prague"]
[Date "1998.09.07"]
[Round "2"]
[White "Timman, Jan H"]
[Black "Kasparov, Garry"]
[Result "0-1"]
[WhiteElo "2655"]
[BlackElo "2815"]
[Annotator "Huebner,R"]
[PlyCount "60"]
[EventDate "1998.09.06"]
[EventType "match"]
[EventRounds "6"]
[EventCountry "CZE"]
[SourceTitle "CBM 067"]
[Source "ChessBase"]
[SourceDate "1998.11.30"]
[SourceVersion "2"]
[SourceVersionDate "1998.11.01"]
[SourceQuality "1"]

1. d4 d5 2. c4 c6 3. Nf3 Nf6 4. Nc3 dxc4 5. e3 b5 6. a4 b4 7. Nb1 Ba6 8. Qc2 b3
9. Qd1 e6 10. Be2 (10. Nbd2 Qd5 11. Be2 Nbd7 12. O-O Rb8 13. Nb1 Ne4 14. Nfd2
Ndf6 15. Nc3 Nxc3 16. bxc3 Be7 $17 {geschah in der Partie Adorjan,A-Torre,E/
Toluca izt 1982. Der Textzug ist keine große Verbesserung; Weiß hat größte
Mühe, den abgegebenen Bauern zurückzugewinnen. Auch nach}) (10. Ne5 c5 {
erzielt Schwarz Vorteil:} 11. Nxc4 (11. Nc3 cxd4 12. exd4 (12. Qxd4 Qxd4 13.
exd4 Bb4 {Schwarz steht deutlich besser.}) 12... Qc7 13. Qf3 Bb7 14. Qe2 {
Weiß gewinnt den Bauern zurück, aber Schwarz behält das bessere Spiel.}) 11...
cxd4 12. Qxd4 (12. exd4 Nc6 13. Be3 Bb4+ 14. Nc3 Rb8 {mit Vorteil für Schwarz.}
) 12... Nc6 13. Qxd8+ Rxd8 14. Nd6+ Bxd6 15. Bxa6 O-O 16. Bc4 Na5 (16... Nb4
17. Bxb3 Nd3+ 18. Ke2 {braucht Weiß nicht zu fürchten.}) 17. Be2 Rc8 18. Bd2 {
Der Vorteil des Schwarzen ist hier nur gering. Offenbar taugt die ganze
Variante für Weiß nichts, weil Schwarz durch eine rapide Entwicklung sofort
die Initiative übernehmen kann.}) 10... c5 11. O-O Nc6 12. Ne5 ({Die
Fortsetzung} 12. Na3 cxd4 13. Bxc4 Bxc4 14. Nxc4 dxe3 15. Bxe3 {sollte auch
zum knappen Ausgleich ausreichen.}) 12... Rc8 (12... Nxe5 13. dxe5 Nd7 14. f4 {
überließe dem Weißen schönes Spiel. Er stellt seinen Springer nach c3 und
breitet sich am Königsflügel aus; den Bauern auf c4 kann Schwarz auf die Dauer
doch nicht halten. Es ist für Schwarz von großer Wichtigkeit, seinen c-Bauern
gegen den d-Bauern des Weißen zu tauschen.}) 13. Na3 $2 (13. Bxc4 Bxc4 14. Nxc4
cxd4 15. Qxb3 {war eine verständige Wahl, um den Schaden zu begrenzen.}) ({
Die Fortsetzung} 13. Nxc4 cxd4 14. Nd6+ (14. Qxb3 Na5 15. Nxa5 Bxe2 {ist fatal
für Weiß.}) 14... Bxd6 15. Bxa6 Rc7 16. Qxb3 O-O {wird in "Schach" 10/1998, S.
11 von D. Poldauf angegeben; sie erscheint mir riskanter für Weiß, weil seine
Figurenstellung der Koordination entbehrt und sein Königsflügel ungeschützt
ist.}) 13... cxd4 14. Naxc4 ({Die Folge} 14. Bxc4 Bxc4 15. Naxc4 Qd5 {ist
ebenfalls höchst unerfreulich für Weiß.}) 14... Qd5 (14... Nxe5 15. Nxe5 Bxe2
16. Qxe2 {war weniger kräftig, weil Weiß 17.Db5+ droht.}) 15. Bf3 (15. Nd6+
Bxd6 16. Bxa6 Qxe5 17. f4 Qc5 18. Bxc8 ({Nach} 18. exd4 Nxd4 19. Be3 Qc6 20.
Bxc8 Nc2 {gewinnt Schwarz mühelos.}) 18... dxe3 19. Kh1 O-O 20. Ba6 Nd5 {
führt zu einer höchst unerfreulichen Lage für Weiß (vgl. D. Poldauf, "Schach"
10/1998, S.11.)}) (15. Nb6 Bxe2 16. Nxd5 Bxd1 17. Nxf6+ gxf6 18. Nxc6 Be2 19.
Re1 d3 {ist ebenfalls nicht zur Rettung ausreichend.}) 15... Ne4 16. Nxc6 Rxc6
({Die Folge} 16... Bxc4 17. Nxa7 Ra8 18. Qxd4 Qxd4 19. exd4 Bxf1 20. Bxe4 Rxa7
21. Kxf1 {gibt dem Weißen gute Rettungsaussichten.}) 17. Nd2 f5 18. Re1 d3 {
Jetzt wird Weiß erdrosselt.} 19. Nxb3 e5 20. Bd2 Rb6 21. Bxe4 fxe4 22. Nc1 Rxb2
23. Bc3 d2 24. Rf1 Bxf1 25. Bxb2 Bc4 26. Ne2 Bb3 27. Nc3 Bxd1 28. Nxd5 Bb3 29.
Nc3 Bb4 30. Nd1 O-O 0-1

[Event "EuroTel Trophy"]
[Site "Prague"]
[Date "1998.09.09"]
[Round "3"]
[White "Kasparov, Garry"]
[Black "Timman, Jan H"]
[Result "1-0"]
[WhiteElo "2815"]
[BlackElo "2655"]
[Annotator "Golod,V"]
[PlyCount "51"]
[EventDate "1998.09.06"]
[EventType "match"]
[EventRounds "6"]
[EventCountry "CZE"]
[SourceTitle "CBM 067"]
[Source "ChessBase"]
[SourceDate "1998.11.30"]
[SourceVersion "2"]
[SourceVersionDate "1998.11.01"]
[SourceQuality "1"]

{[%mdl 14460]} 1. d4 Nf6 2. c4 e6 3. Nc3 Bb4 4. Qc2 O-O 5. a3 Bxc3+ 6. Qxc3 b6
7. Bg5 c5 ({Another line is:} 7... Bb7) 8. e3 $5 (8. dxc5 {See comments to
Kasparov,G-Timman,J(3round),Prague1998(cbm67),1/2-1/2 (28) Golod,V}) 8... d6 ({
Black has several options:} 8... h6 $5) (8... Bb7 $5) (8... Nc6 $5) (8... cxd4
$5) 9. Bd3 $5 ({worse:} 9. f3 Nbd7 10. dxc5 bxc5 11. Nh3 Qb6 12. Rd1 h6 13. Bh4
d5 14. Bf2 Ba6 15. Rd2 Rfd8 16. Be2 Bxc4 17. Bxc4 dxc4 18. O-O Qb3 {And black
is better,0-1 Maksimenko,A-Dautov,R/Leningrad 1989/TD 89\09 (28)}) (9. dxc5 $5
bxc5 (9... dxc5 $143 $14) 10. O-O-O Ne4 11. Qd3 {See-8.dxc5}) 9... cxd4 $6 $146
{After this move white has strong pawn centre} ({Better:} 9... Nbd7 10. Ne2 Ba6
11. Rc1 Rc8 12. Qd2 Re8 13. Ng3 $6 cxd4 14. exd4 d5 $15 {0-1 Sleisz,T-Mochalov,
E/Eger 1993/EXT 93op (60)}) 10. exd4 d5 $6 (10... Bb7 $5 11. Nf3 h6 {/\d5}) 11.
cxd5 $1 Qxd5 {[%csl Rg2,Rg5]} (11... exd5 $6 12. Nf3 $5 (12. Ne2) 12... Re8+
13. Ne5 Nbd7 14. O-O Nxe5 $6 15. dxe5 d4 16. Qe1 {(/\17.Bf6 gxf6 18.Qe4)} Bb7
17. f3 $1 $16 {[%csl Ge1,Yg3,Yh4][%cal Ge1g3,Ge1h4]}) (11... Nxd5 $2 12. Bxh7+
Kh8 $8 (12... Kxh7 13. Qh3+) 13. Qg3 $1 f6 14. Bg6 $18) 12. Bxf6 $1 (12. Nf3 $2
Ne4 13. Bxe4 Qxe4+ 14. Qe3 Bb7 {=/=/+}) 12... gxf6 (12... Qxg2 $5 13. Be2 $1 {
[%cal Ge2f3]} (13. Bf1 $2 Qxh1 14. Qg3 Qe4+ (14... g6 $5) 15. Ne2 Qg6 16. Qxg6
hxg6 17. Bg2 gxf6 18. Bxa8 $17) (13. Ne2 $4 Qxh1+ 14. Kd2 Qxa1 15. Bxh7+ Kxh7
16. Qh3+ Kg8 17. Qg3 Qxb2+ 18. Kd1 Qb1+ 19. Kd2 Qg6 $19) (13. Nh3 $2 Qxh1+ 14.
Kd2 Qxh2 $1 $17 (14... Qxa1 $2 15. Bxh7+ Kxh7 (15... Kh8 $4 16. Bc2 $1 $18 {
[%cal Gc3g3,Yc3d3]}) 16. Qd3+ Kg8 17. Ng5 Qxb2+ 18. Kd1 Qb3+ 19. Qxb3 gxf6 20.
Qg3 fxg5 21. Qxg5+ $11)) (13. O-O-O $4 Bb7 $1 {[%cal Gf8c8]} 14. Ne2 Rc8 15.
Rhg1 Rxc3+ 16. bxc3 Qxf2 17. Rxg7+ Kf8 $19) 13... Bb7 {This is the best move!}
(13... Ba6 $143 14. Kd2 $1 gxf6 (14... Qxf2 15. Rf1 Qg2 16. Be5 $16 {[%cal
Gc3g3]}) (14... Qxh1 $2 15. Qg3 g6 16. Bf3 $18) 15. Nh3 Kh8 16. Rag1 Qd5 (16...
Qc6 17. Qxc6 Nxc6 18. Bxa6 Nxd4 $18) 17. Bf3 $16) (13... Qxh1 $4 14. Qg3 g6 15.
Bf3 $18) 14. Bxg7 Qxh1 (14... Rc8 $143 15. Qxc8+ Bxc8 16. Bf3 Qxg7 (16... Bb7
$2 17. Bxg2 Bxg2 18. Be5 Bxh1 19. f3 $16 {[%csl Rh1][%cal Ge1f2,Gg1e2]}) 17.
Ne2 $1 $14 {[%csl Gd4,Ye2][%cal Ye2d4] (white has strong initiative)}) 15. Qg3
Qg2 (15... Qe4 $144 16. Bh6+ Qg6 17. Bxf8 Qxg3 (17... Kxf8 18. Rc1 $14) 18.
hxg3 Kxf8 19. Rc1 $14) 16. Bxf8+ Qxg3 (16... Kxf8 17. Rc1 $14) 17. hxg3 Kxf8
18. Rc1 Nc6 19. Bf3 Rc8 20. Ne2 $14) 13. Ne2 $1 $14 {/\Ng3(f4),Be4} Rd8 $4 {
This move is very weak} (13... Bb7 $5 $14) (13... Ba6 $6 14. Nf4 Qb7 $8 (14...
Qg5 15. Be4 Rc8 (15... Qxf4 16. Bxa8 Rc8 17. Qd2 $18) 16. Qf3 $18) 15. O-O $40)
14. Ng3 Qxd4 (14... f5 $144 15. Be2 $1 {[%csl Ra8,Rd5][%cal Ge2f3]} (15. Nh5 $2
Qxd4) 15... Bb7 (15... Qxd4 $2 16. Bf3 $1 (16. Qxd4 $5 Rxd4 17. Bf3 Rd5 18.
Bxd5 exd5 $18) 16... Qxc3+ 17. bxc3 Rd5 18. c4 Re5+ 19. Kd2 $18) 16. Bf3 Qd7
17. Nh5 Qe7 (17... Kf8 18. Qb4+ $1) 18. Bxb7 Qxb7 19. d5 $18) (14... Bb7 $144
15. Be4 Qd7 16. Nh5 $1 $18) 15. Be4 Qxc3+ $8 16. bxc3 Rd5 17. Rd1 $1 $18 ({
Worse} 17. Bxd5 exd5 18. Rd1 {because of} Be6 $16 (18... Bb7 $2 19. O-O $18)) (
17. c4 $6 Re5 18. O-O-O Rxe4 19. Nxe4 Kg7 $16) 17... Bb7 18. Bxd5 Bxd5 (18...
exd5 $143 19. O-O $18) 19. Nh5 $1 {[%csl Rf6]} Nd7 $8 20. c4 Bc6 21. Rxd7 $1
Bxd7 22. Nxf6+ Kg7 (22... Kf8 23. Nxd7+ Ke7 24. Ne5) 23. Nxd7 f6 {[%cal Ga8d8,
Yf6e5]} 24. Ke2 Rc8 {/\Rc7;Kf7-e7(פd7)} 25. Rc1 $1 {[%cal Gc4c5]} Rc7 (25...
Kf7 26. c5 Ke7 27. cxb6 Rxc1 28. bxa7 Rc8 29. Nb8 $18) 26. Nb8 1-0